[Event "ITA-chT GpB playoff 54th"]
[Site "Bacoli"]
[Date "2023.04.30"]
[Round "1"]
[White "Marzaduri, Riccardo"]
[Black "Signorelli, Gaetano"]
[Result "1-0"]
[WhiteElo "2194"]
[BlackElo "2194"]
[PlyCount "81"]
[EventDate "2023.04.30"]
[EventType "team-tourn"]
[EventRounds "4"]
[EventCountry "ITA"]
[SourceTitle "CBM 213 Extra"]
[Source "ChessBase"]
[SourceDate "2023.05.31"]
[SourceVersion "1"]
[SourceVersionDate "2023.05.31"]
[SourceQuality "1"]
[WhiteTeam "Etna Scacchi"]
[BlackTeam "Carrera Don Pietro"]
[WhiteTeamCountry "ITA"]
[BlackTeamCountry "ITA"]

1. d4 f5 2. Bg5 g6 3. h4 Bg7 4. Nc3 h6 5. Bf4 Nf6 6. e3 d6 7. Bc4 Nc6 8. Nf3 e6 9. a3 Qe7 10. Bb5 Bd7 11. Qe2 0-0-0 12. 0-0-0 Nh5 13. Bh2 g5 14. d5 exd5 15. Nxd5 Qe8 16. hxg5 hxg5 17. Nxg5 Nf6 18. Qc4 Ng4 19. Bg3 Nge5 20. Qe2 Na5 21. Nc3 c6 22. Bd3 d5 23. Rxh8 Bxh8 24. Nb1 Nec4 25. Bxc4 Nxc4 26. c3 f4 27. Bxf4 Bf5 28. e4 Be5 29. g3 Bxf4+ 30. gxf4 Bxe4 31. Nd2 Nxd2 32. Qxd2 c5 33. Qe3 b6 34. Nxe4 dxe4 35. Rxd8+ Kxd8 36. f3 exf3 37. Qxe8+ Kxe8 38. Kd2 Ke7 39. Ke3 Ke6 40. c4 a6 41. a4 1-0

[Event "ITA-chT GpB 54th"]
[Site "Bacoli"]
[Date "2023.04.28"]
[Round "5"]
[White "Marzaduri, Riccardo"]
[Black "Altini, Nicola"]
[Result "1/2-1/2"]
[WhiteElo "2194"]
[BlackElo "2401"]
[PlyCount "110"]
[EventDate "2023.04.25"]
[EventType "team-tourn"]
[EventRounds "7"]
[EventCountry "ITA"]
[SourceTitle "CBM 213 Extra"]
[Source "ChessBase"]
[SourceDate "2023.05.31"]
[SourceVersion "1"]
[SourceVersionDate "2023.05.31"]
[SourceQuality "1"]
[WhiteTeam "Etna Scacchi"]
[BlackTeam "Partenopea"]
[WhiteTeamCountry "ITA"]
[BlackTeamCountry "ITA"]

1. d4 d5 2. Nc3 Nf6 3. Bf4 a6 4. e3 b5 5. a3 e6 6. b4 Nc6 7. Bd3 Bd6 8. Nf3 0-0 9. 0-0 Re8 10. Bxd6 cxd6 11. e4 dxe4 12. Nxe4 Nxe4 13. Bxe4 d5 14. Bd3 f6 15. a4 Rb8 16. c3 e5 17. dxe5 fxe5 18. Bc2 Kh8 19. axb5 axb5 20. Bb3 d4 21. cxd4 Nxd4 22. Nxd4 Qxd4 23. Bc2 Bg4 24. Qd3 Qxd3 25. Bxd3 Red8 26. Bc2 Rd2 27. Be4 Rd4 28. Rfe1 Rxb4 29. Bc6 Rc4 30. Bd5 Rd4 31. Rxe5 Rd1+ 32. Rxd1 Bxd1 33. Re1 Bc2 34. Rc1 Ba4 35. Ra1 Rd8 36. Bc6 g5 37. f4 gxf4 38. Rb1 Rb8 39. Rb4 Rb6 40. Be8 Kg7 41. Rxf4 Bb3 42. Kf2 b4 43. Ke3 Ba2 44. Rf2 b3 45. Bf7 Bb1 46. Rb2 Bc2 47. Bc4 Rg6 48. Bxb3 Bxb3 49. Rxb3 Rxg2 50. Rb7+ Kg6 51. h4 Rh2 52. Rb4 Kh5 53. Kf3 Rh3+ 54. Kg2 Rxh4 55. Rxh4+ Kxh4 1/2-1/2

[Event "Treviso Master op 4th"]
[Site "Treviso"]
[Date "2023.03.31"]
[Round "1"]
[White "Marzaduri, Riccardo"]
[Black "Giraldi, Edoardo"]
[Result "1-0"]
[WhiteElo "2194"]
[BlackElo "2002"]
[PlyCount "73"]
[EventDate "2023.03.31"]
[EventType "swiss"]
[EventRounds "5"]
[EventCountry "ITA"]
[SourceTitle "EXT 2024"]
[Source "ChessBase"]
[SourceDate "2023.10.10"]
[SourceVersion "1"]
[SourceVersionDate "2023.10.10"]
[SourceQuality "1"]

1. e4 c5 2. Nf3 e6 3. b3 Nc6 4. Bb2 d6 5. d4 cxd4 6. Nxd4 e5 7. Nxc6 bxc6 8. c4 Nf6 9. Nc3 Be6 10. Be2 Be7 11. 0-0 0-0 12. Bf3 Rb8 13. Qe2 Nd7 14. Nd1 Nc5 15. Ne3 Re8 16. Bc3 a5 17. g3 Qb6 18. Rab1 Nb7 19. h4 Nd8 20. Rfd1 c5 21. Bg4 Nc6 22. Bxe6 fxe6 23. Qg4 Bf8 24. f4 Nd4 25. f5 Qc7 26. Rf1 Kh8 27. h5 Qe7 28. Rb2 a4 29. bxa4 Rxb2 30. Bxb2 Ra8 31. fxe6 Qxe6 32. Nf5 Qxc4 33. h6 gxh6 34. Bxd4 cxd4 35. Qh4 Qe6 36. a5 Rxa5 37. Qd8 1-0

[Event "Cattolica Spring Mix"]
[Site "Cattolica"]
[Date "2022.03.11"]
[Round "1"]
[White "Marzaduri, Riccardo"]
[Black "Davtyan, Artur"]
[Result "0-1"]
[WhiteElo "2180"]
[BlackElo "2460"]
[PlyCount "25"]
[EventDate "2022.03.10"]
[EventType "swiss"]
[EventRounds "9"]
[EventCountry "ITA"]
[SourceTitle "CBM 207 Extra"]
[Source "ChessBase"]
[SourceDate "2022.05.31"]
[SourceVersion "1"]
[SourceVersionDate "2022.05.31"]
[SourceQuality "1"]

1. d4 d5 2. c4 e6 3. Nc3 Nf6 4. Bg5 Be7 5. Nf3 Nbd7 6. e3 h6 7. Bh4 0-0 8. Rc1 c5 9. cxd5 Nxd5 10. Bxe7 Nxe7 11. Bd3 b6 12. 0-0 Bb7 13. Be4 0-1

[Event "Cattolica Spring Mix"]
[Site "Cattolica"]
[Date "2022.03.11"]
[Round "3"]
[White "Marzaduri, Riccardo"]
[Black "Kamalidenova, Meruert"]
[Result "1-0"]
[WhiteElo "2180"]
[BlackElo "2362"]
[PlyCount "118"]
[EventDate "2022.03.10"]
[EventType "swiss"]
[EventRounds "9"]
[EventCountry "ITA"]
[SourceTitle "EXT 2023"]
[Source "ChessBase"]
[SourceDate "2022.10.05"]
[SourceVersion "1"]
[SourceVersionDate "2022.10.05"]
[SourceQuality "1"]

1. e4 c5 2. Nf3 d6 3. d4 cxd4 4. Nxd4 Nf6 5. f3 e5 6. Nb3 Be6 7. c4 a5 8. Be3 Be7 9. Be2 Nc6 10. 0-0 0-0 11. Nc3 a4 12. Nc1 a3 13. b3 Nh5 14. Qd2 Nf4 15. Bd1 f5 16. Bc2 Qa5 17. exf5 Bxf5 18. Bxf5 Rxf5 19. N1e2 Bg5 20. Bxf4 Bxf4 21. Qxd6 Be3+ 22. Kh1 Rf7 23. Rad1 Re8 24. Rd5 Qa8 25. Nb5 Bb6 26. Qxa3 Qxa3 27. Nxa3 Ra8 28. Nb5 Rxa2 29. Nec3 Ra8 30. Rfd1 Re7 31. h3 Bd4 32. Nxd4 Nxd4 33. b4 Ra3 34. Nb5 Rb3 35. Nxd4 exd4 36. b5 Kf7 37. R5xd4 Rc3 38. Rf4+ Ke8 39. Rdd4 Re6 40. Rg4 g6 41. Rh4 h5 42. Kh2 Ke7 43. Kg3 Rc2 44. Rhf4 Ree2 45. Rfe4+ Rxe4 46. fxe4 Ke6 47. Kf3 g5 48. Rd5 Rc3+ 49. Kf2 Rc2+ 50. Kg1 g4 51. hxg4 hxg4 52. Rg5 Rxc4 53. Rxg4 Rb4 54. Rg6+ Kd7 55. b6 Rxe4 56. Kf2 Rb4 57. g4 Ke8 58. Kg3 Kf8 59. Kh4 Rb5 1-0

[Event "Titled Tuesday intern op 01st Mar Early"]
[Site "Chess.com INT"]
[Date "2022.03.01"]
[Round "2"]
[White "Marzaduri, Riccardo"]
[Black "Kovalev, Denis"]
[Result "0-1"]
[WhiteElo "2180"]
[BlackElo "2487"]
[PlyCount "50"]
[EventDate "2022.03.01"]
[EventType "swiss (blitz)"]
[EventRounds "11"]
[EventCountry "USA"]
[SourceTitle "CBM 207 Extra"]
[Source "ChessBase"]
[SourceDate "2022.05.31"]
[SourceVersion "1"]
[SourceVersionDate "2022.05.31"]
[SourceQuality "1"]

1. d4 d5 2. Nc3 Nf6 3. Bf4 Bf5 4. f3 h6 5. g4 Bh7 6. e3 e6 7. Bd3 Bxd3 8. Qxd3 Bd6 9. Nge2 a6 10. h4 c5 11. 0-0-0 cxd4 12. exd4 Nc6 13. Qe3 Qc7 14. Bxd6 Qxd6 15. Nf4 0-0-0 16. g5 hxg5 17. hxg5 Nd7 18. g6 Rxh1 19. Rxh1 fxg6 20. Qxe6 Qxf4+ 21. Kb1 Qxf3 22. Rd1 Qf5 23. Qd6 Nf6 24. Qc5 Ne4 25. Na4 Nxc5 0-1

[Event "Titled Tuesday intern op 01st Mar Early"]
[Site "Chess.com INT"]
[Date "2022.03.01"]
[Round "6"]
[White "Marzaduri, Riccardo"]
[Black "Tasev, Dejan"]
[Result "0-1"]
[WhiteElo "2180"]
[BlackElo "2253"]
[PlyCount "130"]
[EventDate "2022.03.01"]
[EventType "swiss (blitz)"]
[EventRounds "11"]
[EventCountry "USA"]
[SourceTitle "CBM 207 Extra"]
[Source "ChessBase"]
[SourceDate "2022.05.31"]
[SourceVersion "1"]
[SourceVersionDate "2022.05.31"]
[SourceQuality "1"]

1. b3 Nf6 2. Bb2 g6 3. e3 Bg7 4. Nf3 0-0 5. Be2 b6 6. 0-0 Bb7 7. d4 e6 8. c4 d6 9. Nc3 Nbd7 10. Qc2 a6 11. Rad1 h6 12. Rfe1 Qe7 13. e4 Nh7 14. Bd3 Rae8 15. b4 e5 16. Nd5 Qd8 17. dxe5 Nxe5 18. Nxe5 dxe5 19. c5 b5 20. c6 Bc8 21. a4 Ng5 22. axb5 axb5 23. Bxb5 Ne6 24. Bc4 Nd4 25. Qd2 Kh7 26. f4 Nxc6 27. b5 Nd4 28. fxe5 Ne6 29. Ba3 Bxe5 30. Bxf8 Rxf8 31. g3 Kg7 32. Rf1 Qd6 33. Kh1 Ng5 34. Nf4 Nxe4 35. Qxd6 Nxd6 36. Bd5 Nxb5 37. Nd3 Bd6 38. Bg2 Nc3 39. Rde1 Bf5 40. Nf2 h5 41. Ne4 Nxe4 42. Bxe4 Be6 43. Bg2 Rb8 44. Rd1 Rb2 45. Bd5 Bxd5+ 46. Rxd5 h4 47. Rd3 hxg3 48. hxg3 Rb4 49. Rdf3 f5 50. Re1 Kf6 51. Re2 Rb1+ 52. Kg2 Rb4 53. Rd3 Rg4 54. Rf2 Kg5 55. Kh3 Re4 56. Rdf3 Re6 57. Rd3 Re7 58. Kg2 Rh7 59. Rdf3 Kg4 60. Rd3 Kg5 61. Rdf3 Rh8 62. Rd3 Re8 63. Rd5 Re4 64. Rd3 Rg4 65. Rdf3 f4 0-1

[Event "Rome Lazio op 28th"]
[Site "Rome"]
[Date "2021.11.21"]
[Round "5"]
[White "Marzaduri, Riccardo"]
[Black "Pacilli, Emanuele"]
[Result "0-1"]
[WhiteElo "2200"]
[BlackElo "2076"]
[PlyCount "54"]
[EventDate "2021.11.19"]
[EventType "swiss"]
[EventRounds "5"]
[EventCountry "ITA"]
[SourceTitle "CBM 205 Extra"]
[Source "ChessBase"]
[SourceDate "2022.01.31"]
[SourceVersion "1"]
[SourceVersionDate "2022.01.31"]
[SourceQuality "1"]

1. d4 e6 2. e4 d5 3. Nc3 Bb4 4. e5 c5 5. a3 Bxc3+ 6. bxc3 Qc7 7. Nf3 Nc6 8. Be2 Nge7 9. 0-0 Bd7 10. a4 c4 11. Ba3 Qa5 12. Qd2 0-0-0 13. Ng5 Rdf8 14. Bh5 g6 15. Be2 h6 16. Nh3 f6 17. f4 fxe5 18. fxe5 Rxf1+ 19. Rxf1 Nf5 20. Bc5 b6 21. Bb4 Qxa4 22. Nf4 g5 23. Nh5 Nfxd4 24. Bd1 Nxb4 25. cxd4 Qa3 26. Rf3 Qa1 27. Rf1 Qb2 0-1

[Event "Rome Lazio op 28th"]
[Site "Rome"]
[Date "2021.11.20"]
[Round "3"]
[White "Corvi, Marco"]
[Black "Marzaduri, Riccardo"]
[Result "0-1"]
[WhiteElo "2284"]
[BlackElo "2200"]
[PlyCount "88"]
[EventDate "2021.11.19"]
[EventType "swiss"]
[EventRounds "5"]
[EventCountry "ITA"]
[SourceTitle "CBM 205 Extra"]
[Source "ChessBase"]
[SourceDate "2022.01.31"]
[SourceVersion "1"]
[SourceVersionDate "2022.01.31"]
[SourceQuality "1"]

1. c4 c5 2. Nc3 Nc6 3. Nf3 e5 4. g3 d6 5. Bg2 g6 6. d3 Bg7 7. Nd2 h6 8. Nf1 Nge7 9. Ne3 0-0 10. 0-0 Rb8 11. Ned5 Nxd5 12. Nxd5 Ne7 13. Bd2 Be6 14. Nxe7+ Qxe7 15. Qa4 a6 16. Rab1 b5 17. Qxa6 bxc4 18. dxc4 Bf5 19. Rbd1 Rxb2 20. Be3 Rd8 21. Rd2 Rxd2 22. Bxd2 e4 23. Rd1 g5 24. h3 Bd4 25. e3 Be5 26. Rb1 d5 27. Ba5 Rd6 28. Qa8+ Kg7 29. cxd5 Qd7 30. Rb7 Qa4 31. Qa7 Qd1+ 32. Kh2 Qxd5 33. Bc7 Rf6 34. Bxe5 Qxe5 35. Rc7 Qb2 36. Qxc5 Bg6 37. Rc8 Bh7 38. Qf8+ Kg6 39. Qe7 Rxf2 40. Qxe4+ Kg7 41. Qd5 Rd2 42. Qc6 Rc2 43. Qa8 Rxc8 44. Qxc8 Be4 0-1

[Event "Titled Tuesday intern op 27th Apr"]
[Site "Chess.com INT"]
[Date "2021.04.27"]
[Round "1"]
[White "Camlar, Arda"]
[Black "Marzaduri, Riccardo"]
[Result "1-0"]
[WhiteElo "1934"]
[BlackElo "2207"]
[PlyCount "49"]
[EventDate "2021.04.27"]
[EventType "swiss (blitz)"]
[EventRounds "11"]
[EventCountry "USA"]
[SourceTitle "CBM 202 Extra"]
[Source "ChessBase"]
[SourceDate "2021.07.31"]
[SourceVersion "1"]
[SourceVersionDate "2021.07.31"]
[SourceQuality "1"]

1. c4 c5 2. Nf3 Nc6 3. g3 g6 4. Bg2 Bg7 5. Nc3 d6 6. 0-0 e6 7. d3 Nge7 8. Rb1 0-0 9. a3 Qd7 10. Bd2 b6 11. b4 Bb7 12. bxc5 bxc5 13. Qa4 Nf5 14. Ne1 Rfc8 15. Nc2 Qe7 16. Ne4 d5 17. Bg5 f6 18. Nxf6+ Bxf6 19. Bxf6 Qxf6 20. Rxb7 dxc4 21. Bxc6 cxd3 22. exd3 e5 23. Be4 Nd4 24. Nxd4 exd4 25. Qc4+ 1-0

[Event "Titled Tuesday intern op 3rd Sept"]
[Site "Chess.com INT"]
[Date "2019.09.03"]
[Round "6"]
[White "He, Samuel"]
[Black "Marzaduri, Riccardo"]
[Result "0-1"]
[WhiteElo "2447"]
[BlackElo "2200"]
[PlyCount "110"]
[EventDate "2019.09.03"]
[EventType "swiss (blitz)"]
[EventRounds "10"]
[EventCountry "USA"]
[SourceTitle "EXT 2021"]
[Source "ChessBase"]
[SourceDate "2020.10.23"]
[SourceVersion "1"]
[SourceVersionDate "2020.10.23"]
[SourceQuality "1"]

1. e4 e6 2. Nf3 d5 3. e5 c5 4. b4 cxb4 5. d4 Nc6 6. a3 bxa3 7. c3 Nge7 8. h4 f6 9. Nxa3 fxe5 10. dxe5 Ng6 11. Qe2 Qa5 12. Bb2 Qb6 13. Nb5 Bc5 14. Nd6+ Bxd6 15. exd6 e5 16. Ng5 Nf4 17. Qc2 g6 18. g3 Bf5 19. Qd2 0-0-0 20. gxf4 exf4 21. Bd3 Rhe8+ 22. Kf1 Bxd3+ 23. Qxd3 Qxb2 24. Kg2 Rxd6 25. Rhb1 Qe2 26. Qxe2 Rxe2 27. Kf3 Rc2 28. Ra3 a6 29. Nxh7 Ne5+ 30. Kxf4 Nc4 31. Rab3 Nd2 32. R3b2 Rxb2 33. Rxb2 Ne4 34. c4 Nf6 35. Nxf6 Rxf6+ 36. Kg5 Rd6 37. cxd5 b5 38. f4 Kb7 39. Rc2 b4 40. Rc5 Kb6 41. Rc8 a5 42. f5 gxf5 43. h5 Rxd5 44. h6 Rd7 45. Rb8+ Kc5 46. Ra8 Kb5 47. Rb8+ Ka4 48. Kxf5 Rh7 49. Kg6 Rxh6+ 50. Kxh6 Kb3 51. Kg5 a4 52. Kf4 a3 53. Ra8 Kb2 54. Ke3 b3 55. Kd2 a2 0-1

[Event "Titled Tuesday intern op 3rd Sept"]
[Site "Chess.com INT"]
[Date "2019.09.03"]
[Round "1"]
[White "Marzaduri, Riccardo"]
[Black "Jimenez Martinez, Jose Vicente"]
[Result "1-0"]
[WhiteElo "2200"]
[BlackElo "2232"]
[PlyCount "189"]
[EventDate "2019.09.03"]
[EventType "swiss (blitz)"]
[EventRounds "10"]
[EventCountry "USA"]
[SourceTitle "EXT 2021"]
[Source "ChessBase"]
[SourceDate "2020.10.23"]
[SourceVersion "1"]
[SourceVersionDate "2020.10.23"]
[SourceQuality "1"]

1. d4 g6 2. e4 Bg7 3. c3 d6 4. Be3 Nf6 5. Bd3 0-0 6. h3 Nc6 7. f4 e5 8. Nf3 exd4 9. cxd4 Nxe4 10. Bxe4 Re8 11. Bxc6 bxc6 12. Kf2 Rb8 13. Qd2 c5 14. Nc3 cxd4 15. Bxd4 Bxd4+ 16. Nxd4 c5 17. Nc6 Qb6 18. Nxb8 c4+ 19. Kf1 Bf5 20. Qf2 Qxb8 21. g4 Bd3+ 22. Kg2 d5 23. Rhe1 Rd8 24. Rad1 Qb7 25. Kh2 d4 26. Nb1 Qc7 27. Qg3 Qb6 28. Rd2 Qa5 29. Red1 Qxa2 30. f5 Bxb1 31. f6 Bd3 32. Qf4 Qa6 33. Re1 h6 34. Rf2 g5 35. Qe5 Qb6 36. h4 c3 37. bxc3 dxc3 38. Rg2 Qd6 39. Qxd6 Rxd6 40. Rc1 c2 41. hxg5 hxg5 42. Rd2 Rd5 43. Rcxc2 Be4 44. Rxd5 Bxd5 45. Rc5 Be6 46. Rxg5+ Kh7 47. Kg3 Kh6 48. Kf4 a6 49. Ra5 Bc4 50. g5+ Kg6 51. Ra1 Kh7 52. Rh1+ Kg8 53. Ke5 Bb3 54. Rb1 Bc4 55. Kd6 Kh7 56. Rg1 Kg6 57. Ke7 Bb3 58. Rg3 Bc4 59. Kd6 Bb5 60. Ke5 a5 61. Kf4 Bd7 62. Rg1 Kh7 63. Rh1+ Kg8 64. Rd1 Bc6 65. Rc1 Bd7 66. Rd1 Bc6 67. Kf5 a4 68. g6 fxg6+ 69. Kxg6 Be8+ 70. Kf5 Bf7 71. Rd8+ Kh7 72. Ra8 Bb3 73. Ra7+ Kh6 74. Ra6 Kh7 75. Ra7+ Kh6 76. Ra8 Kh7 77. Kg5 Bd5 78. Rxa4 Bf7 79. Ra7 Kg8 80. Kf5 Bb3 81. Ke5 Kf8 82. Re7 Ba2 83. Kf4 Bb3 84. Kg5 Bc4 85. Rc7 Bb3 86. Kg6 Ke8 87. f7+ Kd8 88. f8Q+ Kxc7 89. Qc5+ Kd7 90. Kf6 Ba4 91. Qd4+ Ke8 92. Qxa4+ Kd8 93. Qa7 Kc8 94. Ke6 Kd8 95. Qd7# 1-0

[Event "Titled Tuesday intern op 3rd Sept"]
[Site "Chess.com INT"]
[Date "2019.09.03"]
[Round "3"]
[White "Ruiz, Joshua Daniel"]
[Black "Marzaduri, Riccardo"]
[Result "1-0"]
[WhiteElo "1804"]
[BlackElo "2200"]
[PlyCount "159"]
[EventDate "2019.09.03"]
[EventType "swiss (blitz)"]
[EventRounds "10"]
[EventCountry "USA"]
[SourceTitle "EXT 2021"]
[Source "ChessBase"]
[SourceDate "2020.10.23"]
[SourceVersion "1"]
[SourceVersionDate "2020.10.23"]
[SourceQuality "1"]

1. Nf3 d5 2. g3 Nc6 3. Bg2 e5 4. d3 f5 5. c4 dxc4 6. Qa4 Bd6 7. Qxc4 Qe7 8. Nc3 Be6 9. Qb5 0-0-0 10. Bg5 Nf6 11. Rc1 h6 12. Bxf6 Qxf6 13. Nd2 Bd7 14. Nd5 Qf7 15. Nc4 Kb8 16. Nxd6 cxd6 17. Nb4 e4 18. dxe4 Nxb4 19. Qxb4 Bc8 20. exf5 d5 21. 0-0 Qxf5 22. Rfd1 Rhe8 23. Bf3 b6 24. a4 Bb7 25. a5 Re6 26. Qc3 Qe5 27. Qxe5+ Rxe5 28. axb6 axb6 29. Rd4 Rc8 30. Rxc8+ Kxc8 31. Kf1 g5 32. h4 Kc7 33. hxg5 hxg5 34. Ke1 Kd6 35. Kd2 Kc5 36. Kc3 Rf5 37. b4+ Kd6 38. Rd2 g4 39. Bxg4 Rxf2 40. Bf3 Ke5 41. Rd4 Rf1 42. Rh4 Rc1+ 43. Kd2 Rg1 44. Rh5+ Kd6 45. Rh6+ Ke5 46. Rxb6 Bc8 47. Rg6 Be6 48. Rg5+ Kd6 49. g4 Rb1 50. Kc3 Rc1+ 51. Kb2 Rc4 52. Kb3 Rc1 53. Rg6 Ke5 54. Rg5+ Kd6 55. Rh5 Rb1+ 56. Kc3 Rc1+ 57. Kb2 Rc4 58. Kb3 d4 59. Ka4 Rc3 60. Rh6 Ke5 61. Rh5+ Kd6 62. Kb5 Re3 63. Rh3 Ke5 64. Rh5+ Kd6 65. Rh1 Ke5 66. Rd1 Bd7+ 67. Kb6 Be6 68. b5 Rb3 69. Bc6 Bc4 70. Re1 Re3 71. Kc7 Bxe2 72. b6 Ba6 73. Rxe3+ dxe3 74. Bf3 Kf4 75. Bd1 Kg3 76. b7 Bxb7 77. Kxb7 Kf2 78. g5 Ke1 79. Bh5 Kd2 80. g6 1-0

[Event "ITA-ch sf"]
[Site "Spoleto"]
[Date "2019.07.27"]
[Round "8"]
[White "Marzaduri, Riccardo"]
[Black "Sarno, Spartaco"]
[Result "0-1"]
[WhiteElo "2176"]
[BlackElo "2293"]
[PlyCount "58"]
[EventDate "2019.07.20"]
[EventType "swiss"]
[EventRounds "9"]
[EventCountry "ITA"]
[SourceTitle "EXT 2020"]
[Source "ChessBase"]
[SourceDate "2019.10.17"]
[SourceVersion "1"]
[SourceVersionDate "2019.10.17"]
[SourceQuality "1"]

1. Nf3 g6 2. c4 Bg7 3. d4 Nf6 4. Nc3 d5 5. cxd5 Nxd5 6. Qb3 Nxc3 7. bxc3 0-0 8. e4 c5 9. d5 Qc7 10. Rb1 e6 11. Bc4 exd5 12. Bxd5 Nd7 13. 0-0 Nb6 14. c4 Nxd5 15. exd5 Bf5 16. Qxb7 Qa5 17. Bf4 Qxa2 18. Rbc1 a5 19. Be5 a4 20. Bxg7 Kxg7 21. Ng5 a3 22. Nxf7 Qb2 23. Nd6+ Kg8 24. Qe7 Bd3 25. Qe6+ Kh8 26. Rfe1 Qxf2+ 27. Kh1 a2 28. Qe5+ Qf6 29. Qa1 Bb1 0-1

[Event "Titled Tuesday intern op 1st Jan"]
[Site "Chess.com INT"]
[Date "2019.01.01"]
[Round "9"]
[White "Marzaduri, Riccardo"]
[Black "Mosesov, Danylo"]
[Result "1-0"]
[WhiteElo "2150"]
[BlackElo "2343"]
[PlyCount "101"]
[EventDate "2019.01.01"]
[EventType "swiss (blitz)"]
[EventRounds "10"]
[EventCountry "USA"]
[SourceTitle "EXT 2021"]
[Source "ChessBase"]
[SourceDate "2020.10.23"]
[SourceVersion "1"]
[SourceVersionDate "2020.10.23"]
[SourceQuality "1"]

1. e4 c5 2. Nf3 d6 3. Bb5+ Nd7 4. 0-0 a6 5. Bxd7+ Bxd7 6. c3 Nf6 7. Re1 Bc6 8. Qc2 Rc8 9. a4 e6 10. d4 cxd4 11. Nxd4 Be7 12. Nd2 0-0 13. f4 Re8 14. N2f3 d5 15. e5 Ne4 16. f5 Bc5 17. fxe6 Rxe6 18. b4 Bxd4+ 19. Nxd4 Rxe5 20. Bf4 Rh5 21. Rad1 Qh4 22. Nxc6 bxc6 23. Rxe4 dxe4 24. Qxe4 Rf8 25. Qe3 Rd5 26. Rxd5 cxd5 27. Bg3 Qg4 28. Qd3 h5 29. h3 Qe6 30. b5 axb5 31. axb5 Rc8 32. Qb1 Qb6+ 33. Bf2 Qb7 34. Bd4 Re8 35. b6 Re6 36. Qf5 Re1+ 37. Kf2 Re6 38. Qxh5 Qa6 39. Kg3 Qa2 40. Qf3 Qb2 41. Qxd5 Rg6+ 42. Kh2 Kh7 43. Qh5+ Kg8 44. Qf3 Kh7 45. b7 Kg8 46. Be5 Kh7 47. b8Q Qc2 48. Qh5+ Rh6 49. Qxh6+ Kxh6 50. Qh8+ Qh7 51. Bxg7+ 1-0

[Event "Titled Tuesday intern op 7th Aug"]
[Site "Chess.com INT"]
[Date "2018.08.07"]
[Round "3"]
[White "Marzaduri, Riccardo"]
[Black "Kislov, Oleg"]
[Result "0-1"]
[WhiteElo "2086"]
[BlackElo "2249"]
[PlyCount "52"]
[EventDate "2018.08.07"]
[EventType "swiss (blitz)"]
[EventRounds "10"]
[EventCountry "USA"]
[SourceTitle "EXT 2021"]
[Source "ChessBase"]
[SourceDate "2020.10.23"]
[SourceVersion "1"]
[SourceVersionDate "2020.10.23"]
[SourceQuality "1"]

1. d4 Nf6 2. c4 e6 3. Nc3 d5 4. cxd5 exd5 5. Bg5 Be7 6. Qc2 0-0 7. e3 c6 8. Bd3 h6 9. Bh4 Re8 10. f3 Nh5 11. Bf2 Bg5 12. Qe2 Nf4 13. Qf1 Qe7 14. 0-0-0 Nxd3+ 15. Rxd3 Bf5 16. f4 Bxd3 17. Qxd3 Bf6 18. Nf3 Nd7 19. g4 g6 20. g5 hxg5 21. fxg5 Bxg5 22. Kd2 Bh6 23. Rg1 Qf6 24. Qe2 Re6 25. Bh4 Qf5 26. Rg3 Rxe3 0-1

[Event "Gioiosa Marea op 22nd"]
[Site "Gioiosa Marea"]
[Date "2018.06.24"]
[Round "9"]
[White "Petkov, Vladimir"]
[Black "Marzaduri, Riccardo"]
[Result "1-0"]
[WhiteElo "2490"]
[BlackElo "2104"]
[PlyCount "71"]
[EventDate "2018.06.17"]
[EventType "swiss"]
[EventRounds "9"]
[EventCountry "ITA"]
[SourceTitle "CBM 185 Extra"]
[Source "ChessBase"]
[SourceDate "2018.07.29"]
[SourceVersion "1"]
[SourceVersionDate "2018.07.29"]
[SourceQuality "1"]

1. d4 d5 2. c4 dxc4 3. e4 Nf6 4. e5 Nd5 5. Bxc4 Nb6 6. Bd3 Nc6 7. Ne2 Bg4 8. f3 Bh5 9. Nbc3 e6 10. Be3 Nb4 11. Be4 N4d5 12. Nxd5 exd5 13. Bd3 Bg6 14. 0-0 Qd7 15. b3 Be7 16. f4 Bxd3 17. Qxd3 f5 18. exf6 Bxf6 19. f5 0-0 20. Nf4 Rae8 21. Ne6 Rf7 22. Rae1 Nc8 23. Bf4 c6 24. g4 Bh4 25. Re2 h6 26. Qh3 Bf6 27. Qg3 c5 28. dxc5 Qb5 29. Rfe1 Qb4 30. Bd2 Qa3 31. h4 Ne7 32. Kh1 Rc8 33. g5 Nxf5 34. Qg4 Bb2 35. gxh6 Re8 36. h7+ 1-0

[Event "Gioiosa Marea op 22nd"]
[Site "Gioiosa Marea"]
[Date "2018.06.23"]
[Round "8"]
[White "Marzaduri, Riccardo"]
[Black "Bifulco, Michel"]
[Result "1/2-1/2"]
[WhiteElo "2104"]
[BlackElo "2279"]
[PlyCount "30"]
[EventDate "2018.06.17"]
[EventType "swiss"]
[EventRounds "9"]
[EventCountry "ITA"]
[SourceTitle "CBM 185 Extra"]
[Source "ChessBase"]
[SourceDate "2018.07.29"]
[SourceVersion "1"]
[SourceVersionDate "2018.07.29"]
[SourceQuality "1"]

1. e4 e5 2. Nf3 Nc6 3. Bb5 g6 4. 0-0 Bg7 5. c3 a6 6. Ba4 Nge7 7. d4 exd4 8. cxd4 b5 9. Bb3 0-0 10. Nc3 Na5 11. Be3 d6 12. h3 Bd7 13. Re1 Nxb3 14. Qxb3 Nc6 15. Rad1 Na5 1/2-1/2

[Event "Gioiosa Marea op 22nd"]
[Site "Gioiosa Marea"]
[Date "2018.06.19"]
[Round "4"]
[White "Pinton, Maurizio"]
[Black "Marzaduri, Riccardo"]
[Result "0-1"]
[WhiteElo "1980"]
[BlackElo "2104"]
[PlyCount "56"]
[EventDate "2018.06.17"]
[EventType "swiss"]
[EventRounds "9"]
[EventCountry "ITA"]
[SourceTitle "CBM 185 Extra"]
[Source "ChessBase"]
[SourceDate "2018.07.29"]
[SourceVersion "1"]
[SourceVersionDate "2018.07.29"]
[SourceQuality "1"]

1. d4 d5 2. Nc3 c5 3. e4 dxe4 4. d5 Nf6 5. f3 exf3 6. Nxf3 a6 7. Bg5 Qb6 8. Rb1 Nbd7 9. Bc4 Qb4 10. Be2 Ne4 11. Bd2 Nxd2 12. Qxd2 g6 13. a3 Qb6 14. 0-0 Bg7 15. Ne4 Nf6 16. Nxf6+ Bxf6 17. Qh6 Bf5 18. Qd2 0-0 19. Kh1 Rad8 20. Ne1 Qc7 21. Bf3 b5 22. Qe2 c4 23. g4 Bc8 24. b3 c3 25. Nd3 Bb7 26. Nb4 a5 27. Nc6 Bxc6 28. dxc6 Rd2 0-1